World Systems Theory: Core Countries - Statistics

General Stats
  • This quiz has been taken 72 times
  • The average score is 20 of 25
Answer Stats
Answer % Correct
United States
100%
France
98%
Japan
96%
Spain
96%
United Kingdom
96%
Canada
93%
Italy
93%
Australia
91%
Sweden
89%
Germany
87%
Finland
82%
Belgium
80%
Norway
80%
Netherlands
78%
Portugal
78%
Denmark
76%
Iceland
76%
Austria
73%
Ireland
73%
Switzerland
71%
New Zealand
64%
Greece
62%
Israel
51%
Luxembourg
47%
Singapore
44%
No matching quizzes found
Score Distribution
Percent of People with Each Score
Percentile by Number Answered
Your Score History
You have not taken this quiz